MARC

LEADER 00000nam0a2200000 4500
001 325138
005 20231102003732.0
035 |a (RuTPU)RU\TPU\book\350749 
090 |a 325138 
100 |a 20161129d1974 k y0rusy50 ca 
101 0 |a rus 
102 |a RU  |a DE 
105 |a a z 001zb 
200 1 |a Ленинское учение об экономических основах социализма  |f под ред. В. А. Хилько , Г. Ника 
210 |a Москва  |c Экономика  |a Берлин  |c Виртшафт  |d 1974 
215 |a 423 с.  |c ил. 
320 |a Библиогр. в примеч. 
600 1 |a Ленин  |b В. И.  |c настоящая фамилия Ульянов  |c российский политический деятель  |f 1870-1924  |g Владимир Ильич  |2 stltpush  |3 (RuTPU)RU\TPU\pers\1074  |9 486 
606 1 |a Социалистическая система хозяйства  |2 stltpush  |3 (RuTPU)RU\TPU\subj\36941  |9 58135 
610 1 |a социализм 
610 1 |a экономические основы 
610 1 |a капитализм 
610 1 |a переходный период 
610 1 |a материально-техническая база 
610 1 |a производственные отношения 
610 1 |a аграрные отношения 
610 1 |a труд 
610 1 |a общественное производство 
610 1 |a эффективность 
610 1 |a воспроизводство 
610 1 |a мировое хозяйство 
686 |a У60  |v LBC/SL-A  |2 rubbk 
702 1 |a Хилько  |b В. А.  |4 340 
702 1 |a Ник  |b Г.  |4 340 
801 1 |a RU  |b 63413507  |c 20161129 
801 2 |a RU  |b 63413507  |c 20221024  |g RCR 
942 |c BK